000 00664cam a22002173a 4500
001 39157
003 PGUSA
005 20140828083853.0
008 120315s2012||||xxu|||||s|||||000 | eng d
040 _aPGUSA
_beng
042 _adc
245 1 2 _aA System of Practical Medicine by American Authors, Vol. I :
_bVolume 1: Pathology and General Diseases
_h[electronic resource] /
_cVarious
260 _bProject Gutenberg,
_c2012
506 _aPublic domain in the USA.
516 _aElectronic text
700 1 _aPepper, William
700 1 _aStarr, Louis
830 0 _aProject Gutenberg
_v39157
856 4 0 _uhttp://www.gutenberg.org/ebooks/39157
942 _cEB
999 _c268410
_d268410